|
|
|
|
| LEADER |
00000cam a2200000 7i4500 |
| 001 |
0000006468 |
| 002 |
000006980 |
| 005 |
20080214.0 |
| 020 |
|
|
|a 0895295970
|
| 090 |
0 |
0 |
|a 649.58
|b DOM
|
| 100 |
1 |
|
|a Doman, Glenn
|
| 245 |
1 |
0 |
|a How to teach your baby to read :
|b the gentle revolution
|c Glenn Doman and Janet Doman
|
| 260 |
|
|
|a New York :
|b Avery Publishing ,
|c 1994
|
| 300 |
|
|
|a 258p. ;
|c 22cm.
|
| 650 |
0 |
0 |
|a Children
|x Books and reading
|
| 650 |
0 |
0 |
|a Home and school
|
| 650 |
0 |
0 |
|a Reading (Preschool)
|
| 650 |
0 |
0 |
|a Reading
|x Parents participation
|
| 999 |
|
|
|a 040247
|b BUKU
|c PINJAMAN
|e PERPUSTAKAAN KOMUNITI PETALING JAYA
|
| 999 |
|
|
|a 040248
|b BUKU
|c PINJAMAN
|e PERPUSTAKAAN KOMUNITI PETALING JAYA
|